Friends are like stars / by Kelly Swemba ; ... Read More
Available copies
- 0 of 2 copies available at LARL/NWRL Consortium.
- 0 of 2 copies available at Lake Agassiz Regional Library. (Show preferred library)
Current holds
0 current holds with 2 total copies.
Show All Copies
| Location | Call Number / Copy Notes | Barcode | Shelving Location | Status | Due Date |
|---|---|---|---|---|---|
Record details
- ISBN: 9781506496306
- ISBN: 150649630X
- Physical Description: 1 volume (unpaged) : color illustrations ; 26 cm
- Publisher: Minneapolis : Beaming Books, 2026.
Content descriptions
| Summary, etc.: | When Vera's best friend moves away, she wishes on ... Read More |
| Target Audience Note: | Ages 4-8 Beaming Books. |
Search for related items by subject
| Subject: | Friendship > Juvenile fiction. Stars > Juvenile fiction. Moving, Household > Juvenile fiction. Friendship > Fiction. Stars > Fiction. Moving (Households) > Fiction. |
| Genre: | Picture books. Fiction. Romans. |
| LDR | 02996cam a22005538i 4500 | ||
|---|---|---|---|
| 001 | 486548 | ||
| 003 | LARL_NWRL_CONSORTIUM | ||
| 005 | 20260501100258.0 | ||
| 008 | 250910s2026 mnua b 000 1 eng | ||
| 007 | ta | ||
| 010 | . | ‡a 2025027122 | |
| 040 | . | ‡aDLC ‡beng ‡erda ‡cDLC ‡dIG# ‡dOCLCO ‡dJCX | |
| 020 | . | ‡a9781506496306 ‡qhardcover | |
| 020 | . | ‡a150649630X | |
| 020 | . | ‡z9781506496313 ‡qebook | |
| 035 | . | ‡a(OCoLC)1536123058 | |
| 042 | . | ‡apcc | |
| 082 | 0 | 0. | ‡a[E] ‡223/eng/2025 |
| 100 | 1 | . | ‡aSwemba, Kelly, ‡eauthor. ‡4aut ‡4http://id.loc.gov/vocabulary/relators/aut ‡1http://id.loc.gov/rwo/agents/n2022029963 |
| 245 | 1 | 0. | ‡aFriends are like stars / ‡cby Kelly Swemba ; illustrated by Adam Walker-Parker. |
| 263 | . | ‡a05/12/2026 ‡b2026-05-12 ‡c2026-05 | |
| 264 | 1. | ‡aMinneapolis : ‡bBeaming Books, ‡c2026. | |
| 300 | . | ‡a1 volume (unpaged) : ‡bcolor illustrations ; ‡c26 cm | |
| 334 | . | ‡asingle unit ‡bmono ‡0http://id.loc.gov/vocabulary/issuance/mono | |
| 336 | . | ‡atext ‡btxt ‡2rdacontent ‡0http://id.loc.gov/vocabulary/contentTypes/txt | |
| 336 | . | ‡astill image ‡bsti ‡2rdacontent ‡0http://id.loc.gov/vocabulary/contentTypes/sti | |
| 337 | . | ‡aunmediated ‡bn ‡2rdamedia ‡0http://id.loc.gov/vocabulary/mediaTypes/n | |
| 338 | . | ‡avolume ‡bnc ‡2rdacarrier ‡0http://id.loc.gov/vocabulary/carriers/nc | |
| 385 | . | ‡mAge group ‡nage ‡aChildren ‡2lcdgt ‡0http://id.loc.gov/authorities/demographicTerms/dg2015060010 | |
| 520 | . | ‡aWhen Vera's best friend moves away, she wishes on her special star to bring her back, but when the star disappears, Vera discovers the wonders of the night sky and the bond that keeps her and Grace connected, all while making a new friend. Back matter supports children and parents navigating a friend's move, while also exploring STEM connections through the creation of a star map. | |
| 521 | . | ‡aAges 4-8 ‡bBeaming Books. | |
| 650 | 0. | ‡aFriendship ‡vJuvenile fiction. ‡0(LARL_NWRL_CONSORTIUM)164914 | |
| 650 | 0. | ‡aStars ‡vJuvenile fiction. | |
| 650 | 0. | ‡aMoving, Household ‡vJuvenile fiction. ‡0(LARL_NWRL_CONSORTIUM)173368 | |
| 650 | 1. | ‡aFriendship ‡vFiction. ‡0(LARL_NWRL_CONSORTIUM)164944 | |
| 650 | 1. | ‡aStars ‡vFiction. | |
| 650 | 1. | ‡aMoving (Households) ‡vFiction. | |
| 655 | 7. | ‡aPicture books. ‡2lcgft | |
| 655 | 7. | ‡aFiction. ‡2lcgft | |
| 655 | 7. | ‡aRomans. ‡2rvmgf | |
| 700 | 1 | . | ‡aWalker-Parker, Adam, ‡eillustrator. ‡4http://id.loc.gov/vocabulary/relators/ill ‡1https://id.oclc.org/worldcat/entity/E39PCjvptm7RyMBTpwfM4DBYxC ‡1http://id.loc.gov/rwo/agents/no2018044486 |
| 758 | . | ‡1http://id.loc.gov/resources/instances/in00024321785 | |
| 758 | . | ‡4http://id.loc.gov/ontologies/bibframe/instanceOf ‡1http://id.loc.gov/resources/works/in00024321785 | |
| 776 | 0 | 8. | ‡iOnline version ‡4http://id.loc.gov/entities/relationships/onlineversion ‡aSwemba, Kelly ‡tFriends are like stars ‡dMinneapolis : Beaming Books, 2026 ‡z9781506496313 ‡w(DLC) 2025027123 |
| 884 | . | ‡aDLC bibframe2marc v3.0-dev ‡g20250911 ‡qDLC ‡uhttps://github.com/lcnetdev/bibframe2marc/tree/v3.0-dev | |
| 905 | . | ‡uvanderl | |
| 901 | . | ‡a486548 ‡bAUTOGEN ‡c486548 ‡tbiblio ‡soclc | |

Add to basket
Permalink
Disable Highlighting